[Event "JPN-ch (Women)"]
[Site "Tokyo"]
[Date "2022.08.20"]
[Round "2"]
[White "Takayasu, Melody"]
[Black "Misawa, Yuki"]
[Result "0-1"]
[WhiteElo "1666"]
[BlackElo "1587"]
[PlyCount "80"]
[EventDate "2022.08.20"]
[EventType "swiss"]
[EventRounds "6"]
[EventCountry "JPN"]
[SourceTitle "CBM 210 Extra"]
[Source "ChessBase"]
[SourceDate "2022.11.30"]
[SourceVersion "1"]
[SourceVersionDate "2022.11.30"]
[SourceQuality "1"]

1. e4 c6 2. d4 d5 3. e5 Bf5 4. Bd3 Bxd3 5. cxd3 e6 6. Nf3 Ne7 7. 0-0 Nf5 8. Nbd2 Be7 9. Nb3 Nd7 10. g4 Nh4 11. Nxh4 Bxh4 12. f4 Be7 13. Kg2 c5 14. dxc5 Bxc5 15. d4 Be7 16. Bd2 Nb6 17. Ba5 Qd7 18. Bxb6 axb6 19. Qd3 Rc8 20. g5 g6 21. h4 Qa4 22. Rfc1 0-0 23. Rh1 Rc4 24. h5 Qc6 25. Kg3 Rc8 26. Kg4 Qa4 27. hxg6 fxg6 28. Qh3 Kf8 29. Qxh7 Ke8 30. Qxg6+ Kd7 31. Rh7 Re8 32. Qd3 Qc6 33. g6 Rc2 34. g7 Rg8 35. Kf3 Rxb2 36. Rc1 Qa4 37. Qc3 Qxa2 38. Qc7+ Ke8 39. Rg1 Rxb3+ 40. Kg4 Qe2# 0-1

[Event "Olympiad Women-44"]
[Site "Chennai"]
[Date "2022.08.02"]
[Round "5.3"]
[White "Sisior, Destiny"]
[Black "Misawa, Yuki"]
[Result "0-1"]
[WhiteElo "1298"]
[BlackElo "1587"]
[PlyCount "126"]
[EventDate "2022.07.29"]
[EventType "team-swiss"]
[EventRounds "11"]
[EventCountry "IND"]
[SourceTitle "CBM 210"]
[Source "ChessBase"]
[SourceDate "2022.10.31"]
[SourceVersion "1"]
[SourceVersionDate "2022.10.31"]
[SourceQuality "1"]
[WhiteTeam "Palau (W)"]
[BlackTeam "Japan (W)"]
[WhiteTeamCountry "PAL"]
[BlackTeamCountry "JPN"]

1. e4 c6 2. d4 d5 3. e5 Bf5 4. Nf3 e6 5. Nc3 c5 6. Bb5+ Nc6 7. Bxc6+ bxc6 8. b3 Qb6 9. Ba3 Qa5 10. Bb2 Bg6 11. 0-0 cxd4 12. Nxd4 Qc7 13. Re1 Bb4 14. a3 Ba5 15. b4 Bb6 16. Nf3 Ne7 17. Rc1 0-0 18. a4 a6 19. a5 Ba7 20. Na4 c5 21. c3 c4 22. Nd4 Nf5 23. Ba3 Nxd4 24. cxd4 Rfc8 25. Nc3 Bd3 26. Qg4 Qd8 27. h4 Rab8 28. Re3 Bf5 29. Qf4 Rb7 30. Rd1 h6 31. Rg3 Kh7 32. Rc1 Rcb8 33. Nd1 f6 34. Ne3 fxe5 35. Qxe5 Qf6 36. Nxf5 Qxe5 37. dxe5 exf5 38. e6 Re8 39. Re1 d4 40. Kf1 Bb8 41. Rf3 Kg6 42. g3 h5 43. Rc1 c3 44. Rd3 Be5 45. f4 Bf6 46. Re1 Rb5 47. Re2 Kh7 48. Ke1 Kg8 49. Kd1 Kf8 50. Kc2 Ke7 51. Rd1 Kd6 52. Kd3 Rxe6 53. Rxe6+ Kxe6 54. Re1+ Kd7 55. Re2 Rb7 56. Rc2 Kc6 57. Kc4 Rd7 58. Kd3 Kb5 59. Ra2 Re7 60. Bc1 Re1 61. Bd2 cxd2 62. Kxd2 Rb1 63. Kd3 Kxb4 0-1

[Event "Olympiad Women-44"]
[Site "Chennai"]
[Date "2022.07.29"]
[Round "1.3"]
[White "Misawa, Yuki"]
[Black "Calzetta Ruiz, Monica"]
[Result "0-1"]
[WhiteElo "1587"]
[BlackElo "2230"]
[PlyCount "66"]
[EventDate "2022.07.29"]
[EventType "team-swiss"]
[EventRounds "11"]
[EventCountry "IND"]
[SourceTitle "CBM 210"]
[Source "ChessBase"]
[SourceDate "2022.10.31"]
[SourceVersion "1"]
[SourceVersionDate "2022.10.31"]
[SourceQuality "1"]
[WhiteTeam "Japan (W)"]
[BlackTeam "Spain (W)"]
[WhiteTeamCountry "JPN"]
[BlackTeamCountry "ESP"]

1. d4 Nf6 2. Nf3 c5 3. c3 g6 4. Bf4 Bg7 5. e3 0-0 6. Be2 d6 7. h3 Qb6 8. Qb3 Be6 9. Qxb6 axb6 10. Na3 Nd5 11. Bh2 Nxc3 12. bxc3 Rxa3 13. Kd2 Nd7 14. Ng5 Rfa8 15. Nxe6 Rxa2+ 16. Rxa2 Rxa2+ 17. Kd3 fxe6 18. Bf3 b5 19. Rb1 c4+ 20. Ke4 Rxf2 21. Rxb5 Bh6 22. d5 e5 23. Bxe5 Nxe5 24. Rxb7 Kf7 25. Rb8 Rc2 26. Kd4 Rd2+ 27. Ke4 Nd7 28. Bg4 Nxb8 29. Be6+ Ke8 30. g4 Nd7 31. Bg8 Nf6+ 32. Kf3 Nxg8 33. h4 Rxd5 0-1

[Event "Asia Nations online Cup (Women)"]
[Site "Chess.com INT"]
[Date "2020.10.11"]
[Round "2.10"]
[White "Huang, Yuen Tung"]
[Black "Misawa, Yuki"]
[Result "0-1"]
[WhiteElo "1309"]
[BlackElo "1577"]
[PlyCount "156"]
[EventDate "2020.10.11"]
[EventType "team-swiss (rapid)"]
[EventRounds "9"]
[EventCountry "IND"]
[SourceTitle "CBM 198 Extra"]
[Source "ChessBase"]
[SourceDate "2020.11.30"]
[SourceVersion "1"]
[SourceVersionDate "2020.11.30"]
[SourceQuality "1"]
[WhiteTeam "Hong Kong (W)"]
[BlackTeam "Japan (W)"]
[WhiteTeamCountry "HKG"]
[BlackTeamCountry "JPN"]

1. e4 c6 2. d4 d5 3. Nc3 dxe4 4. Nxe4 Nd7 5. Nf3 Ngf6 6. Bd3 Nxe4 7. Bxe4 Nf6 8. Bd3 Bg4 9. c3 e6 10. Bg5 Be7 11. h3 Bh5 12. 0-0 0-0 13. Be2 Bg6 14. Ne5 Nd7 15. Bxe7 Qxe7 16. Nxg6 hxg6 17. Rc1 Rfd8 18. f4 Nf6 19. Qe1 Rd7 20. Qh4 Nd5 21. Qxe7 Nxe7 22. Rcd1 Rad8 23. Bf3 Nf5 24. Rfe1 Ne7 25. g4 Nd5 26. Bxd5 cxd5 27. Re5 Rd6 28. Rde1 Rb6 29. R1e2 Ra6 30. a3 Rdd6 31. h4 f6 32. R5e3 Kf7 33. Rh3 Rab6 34. g5 f5 35. h5 Rb3 36. h6 gxh6 37. gxh6 Kg8 38. h7+ Kh8 39. Rg2 Rd7 40. Rgh2 Rb6 41. Rh6 Rg7 42. R6h3 Rc6 43. Kf1 Rcc7 44. Kg1 Rxh7 45. Rxh7+ Rxh7 46. Kg2 Kg7 47. Kg3 b5 48. b3 Rxh2 49. Kxh2 Kh6 50. Kh3 Kh5 51. Kg3 g5 52. fxg5 Kxg5 53. Kf3 f4 54. b4 Kf5 55. Kf2 Ke4 56. Ke2 a6 57. Kf2 f3 58. Ke1 Ke3 59. Kf1 Kd3 60. Kf2 Kxc3 61. Kxf3 Kxd4 62. Kf4 e5+ 63. Kf3 Kd3 64. Kf2 Kd2 65. Kf3 e4+ 66. Kf2 e3+ 67. Kf3 e2 68. Kf4 e1Q 69. Kf3 Qe3+ 70. Kg4 Ke2 71. Kh4 Qf3 72. Kg5 Ke3 73. Kh6 Qg4 74. Kh7 Qg1 75. Kh8 Kf4 76. Kh7 Kf5 77. Kh6 Qg8 78. Kh5 Qh8# 0-1

[Event "JPN-ch (Women)"]
[Site "Tokyo"]
[Date "2018.08.05"]
[Round "4"]
[White "Kojima, Natsumi"]
[Black "Misawa, Yuki"]
[Result "1-0"]
[WhiteElo "1741"]
[BlackElo "1109"]
[PlyCount "45"]
[EventDate "2018.08.04"]
[EventType "swiss"]
[EventRounds "6"]
[EventCountry "JPN"]
[SourceTitle "CBM 186 Extra"]
[Source "ChessBase"]
[SourceDate "2018.08.24"]
[SourceVersion "1"]
[SourceVersionDate "2018.08.24"]
[SourceQuality "1"]

1. e4 c6 2. d4 d5 3. exd5 cxd5 4. Bd3 Nf6 5. h3 e6 6. Nf3 Be7 7. 0-0 0-0 8. Re1 b6 9. Qe2 a5 10. Nc3 Bb4 11. Ne5 Bxc3 12. bxc3 Qc7 13. Bg5 Ne4 14. Bxe4 dxe4 15. Bd2 f5 16. Rab1 Nc6 17. Bf4 Nxe5 18. Bxe5 Qxc3 19. Rxb6 a4 20. Reb1 Bd7 21. Rb7 Be8 22. Rxg7+ Kh8 23. Rg3+ 1-0

[Event "JPN-ch (Women)"]
[Site "Tokyo"]
[Date "2018.08.04"]
[Round "3"]
[White "Ishizuka, Mirai"]
[Black "Misawa, Yuki"]
[Result "1-0"]
[WhiteElo "1722"]
[BlackElo "1109"]
[PlyCount "106"]
[EventDate "2018.08.04"]
[EventType "swiss"]
[EventRounds "6"]
[EventCountry "JPN"]
[SourceTitle "CBM 186 Extra"]
[Source "ChessBase"]
[SourceDate "2018.08.24"]
[SourceVersion "1"]
[SourceVersionDate "2018.08.24"]
[SourceQuality "1"]

1. e4 c6 2. d4 d5 3. Nc3 dxe4 4. Nxe4 Nd7 5. Nf3 Ngf6 6. Nxf6+ Nxf6 7. Bc4 Bf5 8. 0-0 e6 9. Bf4 Be7 10. Qe2 Bg4 11. Rad1 0-0 12. Rfe1 Qb6 13. Bb3 Rfd8 14. c3 Nd5 15. Be5 Bf6 16. Bxf6 Nxf6 17. h3 Bh5 18. Qe3 h6 19. Rd2 Qc7 20. Ne5 b6 21. g4 Bg6 22. Nxg6 fxg6 23. Bxe6+ Kh7 24. Rde2 Re8 25. Qe5 Qxe5 26. Rxe5 Red8 27. Bf7 Nd5 28. Bxd5 cxd5 29. Re7 Kg8 30. Kf1 Kf8 31. Rb7 Rd6 32. Ree7 a5 33. Rf7+ Ke8 34. Rxg7 Rf6 35. Rg8+ Rf8 36. Rxf8+ Kxf8 37. Rxb6 Kf7 38. Rd6 Rb8 39. Rxd5 Rxb2 40. Rxa5 Rb6 41. d5 Ke7 42. Ke2 Kd6 43. Ke3 Ke5 44. f4+ Kd6 45. Kd4 Ke7 46. c4 Rf6 47. Ke5 Rb6 48. c5 Rb2 49. Ra7+ Kd8 50. Kd6 Kc8 51. c6 Kb8 52. Rb7+ Rxb7 53. cxb7 Kxb7 1-0